Analýza prognózovaných prvkov vodnej bilancie s ohľadom na očakávanú klimatickú zmenu pre lokalitu Bodíky

Bibliographic Details
Main Author: Stehlová, Katarína (Author)
Format: Article
Language:Slovak
PhysicalDescription:Grafy, tab.
ISSN:1335-6291
Subjects:

MARC

LEADER 00000nab a2200000 a 4500
001 vtls001560966
003 SK-MaSNL
005 20260304144914.0
008 250505c2004 xo fr|p|||||||000 b|slo
015 |a SNBRB2005/04  |2 snkbucl 
035 |a (uuid)df2fbe06-b6db-4097-8d50-b1b838bdde43 
035 |a urn:nbn:sk:snk-abuxr 
035 |a (urnnbn)urn:nbn:sk:snk:ar-a06juq 
038 |a SNKBUCL 
040 |a SNKBUCL  |b slo  |c SNKBUCL  |e AACR2 
041 0 |a slo  |b eng 
044 |a xo  |c SK 
080 |a 556.1.013:551.583  |x (437.6)  |2 1997 
080 |a 551.583  |x (437.6)  |2 1997 
080 |a 551.573  |x (437.6)  |2 1997 
100 1 |a Stehlová, Katarína  |4 aut  |9 23059 
245 1 0 |a Analýza prognózovaných prvkov vodnej bilancie s ohľadom na očakávanú klimatickú zmenu pre lokalitu Bodíky  |c Katarína Stehlová 
300 |b Grafy, tab. 
504 |a Bibliogr. odkazy 
546 |a Res. angl. 
650 0 7 |a vodná bilancia  |2 snkbucl  |9 72742 
650 0 7 |a evapotranspirácia  |2 snkbucl  |9 15415 
650 0 7 |a hydrologické modely  |2 snkbucl  |9 26759 
650 0 7 |a klimatické zmeny  |2 snkbucl  |9 3351 
651 7 |a Žitný ostrov (Slovensko)  |2 snkbucl  |9 18362 
773 0 |t Acta hydrologica slovaca  |g Roč. 5, č. 2 (2004), s. 231-242  |x 1335-6291 
850 |a Slovenská národná knižnica 
852 |a Slovenská národná knižnica 
954 |a odborná, vedecká literatúra pôvodná (slovenská)  |2 lita 
958 |a article27 
958 |a NB 
958 |a OND 
958 |a EUIPO 
999 |c 2933864  |d 2935794